000 00560cam a22002291 4500
001 ne 62001706
003 DLC
005 20260227111738.0
008 881026s1961 xx c 000 0 ara
010 _ane 62001706
035 _a(OCoLC)23482069
040 _aDLC
_cMiU
_dDLC
042 _apremarc
043 _af-ua---
050 0 0 _aHQ799.U6
_bA7
100 1 _aʻAṭwah, Fikrī.
245 1 0 _aDustūr al-shabāb al-qawmī.
260 _c[1961.
300 _a154 p.
_bport.
_c24 cm.
500 _aRomanized.
650 0 _aYouth
_zUnited Arab Republic.
999 _c45348
_d45348